[Event "Thüringer Einzelmeisterschaft"]
[Site "Finsterbergen (Thüringen)"]
[Date "2007.04.05"]
[Round "3"]
[White "Taudte, Stefan"]
[Black "Seiler, Mario"]
[Result "1-0"]
[WhiteElo "2086"]
[BlackElo "1682"]
[PlyCount "119"]
[EventDate "2007.??.??"]

1. d4 Nf6 2. c4 e6 3. Nf3 Be7 4. Nc3 O-O 5. Bg5 h6 6. Bh4 d5 7. e3 Nbd7 8. c5
c6 9. b4 Ne8 10. Bg3 b6 11. Be2 Bf6 12. O-O bxc5 13. bxc5 Nxc5 14. Qc2 Nb7 15.
Na4 Bd7 16. Rab1 Nbd6 17. Nc5 Nf5 18. Be5 Bxe5 19. Nxe5 Nf6 20. Ncxd7 Nxd7 21.
Nxc6 Qg5 22. f4 Qxg2+ 23. Kxg2 Nxe3+ 24. Kg1 Nxc2 25. Rf3 Nb8 26. Ne7+ Kh8 27.
Rd3 a5 28. a3 Ra7 29. Nxd5 exd5 30. Rc1 Nxa3 31. Rxa3 Nd7 32. Bf3 Nf6 33. Rc5
Rd8 34. Raxa5 Rxa5 35. Rxa5 Ne4 36. Bxe4 dxe4 37. d5 Rd6 38. Kf2 f5 39. Ke3 g5
40. fxg5 hxg5 41. Kd4 Kg7 42. Ke5 Rd8 43. Ra7+ Kf8 44. Ra1 e3 45. Kxf5 e2 46.
Kf6 Rd6+ 47. Ke5 Rd8 48. Re1 Kf7 49. d6 Re8+ 50. Kd5 Re3 51. Kd4 Re6 52. Kc5
Ke8 53. Kc6 Kd8 54. Ra1 Ke8 55. Kc7 Kf7 56. d7 Re7 57. Re1 g4 58. Kc8 Re3 59.
d8=Q Rc3+ 60. Kb7 1-0

[Event "Thüringer Einzelmeisterschaft"]
[Site "Finsterbergen (Thüringen)"]
[Date "2007.04.05"]
[Round "3"]
[White "Reichenbach, Marian"]
[Black "Fischer, Dennis"]
[Result "0-1"]
[WhiteElo "1601"]
[BlackElo "1830"]
[PlyCount "38"]
[EventDate "2007.??.??"]

1. e4 d6 2. d4 g6 3. Nc3 Nf6 4. f4 c6 5. Nf3 Bg7 6. Bc4 b5 7. Bb3 b4 8. e5 bxc3
9. exf6 Bxf6 10. bxc3 Ba6 11. c4 d5 12. Qd3 Nd7 13. Be3 Nb6 14. Nd2 c5 15. Rd1
cxd4 16. Bxd4 O-O 17. Bxb6 Qxb6 18. c5 Qe6+ 19. Qe4 Qxe4+ 0-1

[Event "Thüringer Einzelmeisterschaft"]
[Site "Finsterbergen (Thüringen)"]
[Date "2007.04.05"]
[Round "3"]
[White "Goemann, Jens"]
[Black "Bethge, Johanna"]
[Result "1-0"]
[WhiteElo "2171"]
[BlackElo "1526"]
[PlyCount "81"]
[EventDate "2007.??.??"]

1. c4 Nf6 2. g3 d5 3. cxd5 Nxd5 4. Bg2 e5 5. Nf3 Nc6 6. O-O Be6 7. Nc3 Be7 8.
d4 exd4 9. Nb5 Qd7 10. Nbxd4 Nxd4 11. Qxd4 O-O 12. Ng5 Rfd8 13. Nxe6 Qxe6 14.
Qc4 c6 15. a3 Bf6 16. Rb1 Nc7 17. Qc2 Rd7 18. Rd1 Rxd1+ 19. Qxd1 Rd8 20. Qc2
Nb5 21. e3 Qd6 22. Bf3 Qd3 23. Qxd3 Rxd3 24. Kf1 Kf8 25. h4 Nd6 26. Ke1 Rb3 27.
Bd1 Rb6 28. Bc2 Ke7 29. Ke2 h6 30. f4 Ke6 31. h5 c5 32. g4 Kd7 33. Kf3 Nc4 34.
b3 Nd6 35. a4 Nc8 36. Ba3 Be7 37. e4 f6 38. e5 fxe5 39. fxe5 Ke6 40. Bf5+ Kxe5
41. Bxc8 1-0

[Event "Thüringer Einzelmeisterschaft"]
[Site "Finsterbergen (Thüringen)"]
[Date "2007.04.05"]
[Round "3"]
[White "Kunath, Werner"]
[Black "Müller, Robert"]
[Result "0-1"]
[WhiteElo "2059"]
[BlackElo "1708"]
[PlyCount "140"]
[EventDate "2007.??.??"]

1. d4 d5 2. Bg5 Nf6 3. Nc3 c6 4. e3 e6 5. Bd3 Be7 6. Nf3 O-O 7. a3 Nbd7 8. O-O
Qc7 9. Ne2 h6 10. Bh4 e5 11. Bg3 Bd6 12. dxe5 Nxe5 13. Nxe5 Bxe5 14. c3 Bxg3
15. Nxg3 Be6 16. h3 Rfe8 17. Qf3 Re7 18. Rad1 Rae8 19. Nf5 Bxf5 20. Bxf5 Ne4
21. Rd4 g6 22. Bxe4 Rxe4 23. Rfd1 Kg7 24. R1d2 Qe5 25. g3 Qf6 26. Kg2 Qxf3+ 27.
Kxf3 f5 28. b4 a6 29. h4 Kf6 30. a4 Ke6 31. c4 Rxd4 32. Rxd4 dxc4 33. Rxc4 Rd8
34. Kf4 Rd2 35. f3 Kf6 36. g4 g5+ 37. hxg5+ hxg5+ 38. Kg3 Re2 39. Rc5 Rxe3 40.
Rxf5+ Kg6 41. b5 axb5 42. axb5 Rc3 43. bxc6 bxc6 44. Kf2 c5 45. Ke2 c4 46. Rc5
Kf6 47. Rf5+ Kg6 48. Kd2 Rd3+ 49. Ke2 Rc3 50. Rd5 Kf6 51. Rc5 Rc2+ 52. Ke3 c3
53. Rf5+ Kg6 54. Kd3 Rc1 55. Rc5 Rf1 56. Rc6+ Kf7 57. Ke4 Re1+ 58. Kd3 Rf1 59.
Ke2 Rc1 60. Rc5 Kf6 61. Rf5+ Kg6 62. Kd3 Kh6 63. Re5 Kg6 64. Re3 Kf6 65. Re2
Rf1 66. Ke3 Rc1 67. Kf2 Rb1 68. Ke3 Rb2 69. Kd3 Rxe2 70. Kxe2 Ke5 0-1

[Event "Thüringer Einzelmeisterschaft"]
[Site "Finsterbergen (Thüringen)"]
[Date "2007.04.05"]
[Round "3"]
[White "von Otte, Wilhelm"]
[Black "Hanisch, Rene"]
[Result "1-0"]
[WhiteElo "2024"]
[BlackElo "1800"]
[PlyCount "29"]
[EventDate "2007.??.??"]

1. e4 c5 2. c3 d5 3. exd5 Qxd5 4. Nf3 Nc6 5. d4 cxd4 6. cxd4 Bg4 7. Be2 e6 8.
Nc3 Qd7 9. O-O Nf6 10. h3 Bh5 11. Qb3 Be7 12. Ne5 Nxd4 13. Nxd7 Nxb3 14. Nxf6+
Bxf6 15. axb3 1-0

[Event "Thüringer Einzelmeisterschaft"]
[Site "Finsterbergen (Thüringen)"]
[Date "2007.04.05"]
[Round "3"]
[White "Kirste, Olaf"]
[Black "Grube, Jan"]
[Result "1-0"]
[WhiteElo "2049"]
[BlackElo "1784"]
[PlyCount "55"]
[EventDate "2007.??.??"]

1. c4 c5 2. Nf3 Nc6 3. d4 cxd4 4. Nxd4 e5 5. Nc2 Nf6 6. Nc3 Bc5 7. e3 O-O 8.
Be2 e4 9. O-O d6 10. a3 a5 11. Rb1 Be6 12. b4 axb4 13. axb4 Bb6 14. Nb5 d5 15.
c5 Bc7 16. Nxc7 Qxc7 17. Bb2 Ne7 18. Nd4 Bd7 19. Qb3 Ng4 20. Bxg4 Bxg4 21. Qc3
Qe5 22. Nf5 Qxc3 23. Nxe7+ Kh8 24. Bxc3 Be6 25. Be5 Rfe8 26. Bd6 Rad8 27. Ra1
Rd7 28. Rfd1 1-0

[Event "Thüringer Einzelmeisterschaft"]
[Site "Finsterbergen (Thüringen)"]
[Date "2007.04.06"]
[Round "4"]
[White "Wendling, Hannes"]
[Black "Michalowski, Peter"]
[Result "1-0"]
[WhiteElo "2123"]
[BlackElo "2098"]
[PlyCount "101"]
[EventDate "2007.??.??"]

1. e4 c5 2. Nf3 d6 3. d4 cxd4 4. Nxd4 Nf6 5. Nc3 a6 6. f3 e5 7. Nb3 Be6 8. Be3
Be7 9. Qd2 O-O 10. O-O-O a5 11. Bb5 Nbd7 12. Kb1 Nb6 13. Qf2 Nfd7 14. Bxd7 Nxd7
15. Nd5 a4 16. Nxe7+ Qxe7 17. Nc1 f5 18. Qd2 Ra6 19. Nd3 Nb6 20. Bxb6 Rxb6 21.
Nb4 fxe4 22. Nd5 Bxd5 23. Qxd5+ Qf7 24. Qxe4 a3 25. b3 Qc7 26. Rd3 Rf4 27. Qe1
Rc4 28. Qc1 Ra4 29. Rhd1 Raa6 30. Qd2 Qf7 31. Rc3 h6 32. Rc8+ Kh7 33. Qd3+ g6
34. Qc4 Qxc4 35. Rxc4 Kg7 36. Rd5 Kf6 37. Rc7 Ke6 38. c4 h5 39. Kc2 Ra8 40. Kc3
Raa6 41. b4 Rc6 42. Rxb7 Rxc4+ 43. Kxc4 Rc6+ 44. Rc5 dxc5 45. bxc5 Rc8 46. Rb6+
Kf5 47. c6 e4 48. fxe4+ Kxe4 49. Kc5 Ke3 50. Rb3+ Kf2 51. g3 1-0

[Event "Thüringer Einzelmeisterschaft"]
[Site "Finsterbergen (Thüringen)"]
[Date "2007.04.06"]
[Round "4"]
[White "Fuchs, Antje"]
[Black "Wagner, Ronald"]
[Result "1-0"]
[WhiteElo "2087"]
[BlackElo "1807"]
[PlyCount "81"]
[EventDate "2007.??.??"]

1. e4 e6 2. d4 d5 3. Nc3 Nf6 4. e5 Nfd7 5. f4 c5 6. Nf3 Nc6 7. Be3 a6 8. Qd2
cxd4 9. Nxd4 Bc5 10. O-O-O O-O 11. h4 Qc7 12. h5 Nxd4 13. Bxd4 Bxd4 14. Qxd4
Qc5 15. Qd2 b5 16. h6 g6 17. Ne2 Bb7 18. Nd4 Nb6 19. Rh3 Nc4 20. Qe1 Qe7 21.
Bd3 b4 22. b3 Na3 23. f5 Rac8 24. fxg6 fxg6 25. Qg3 Kh8 26. Qg4 Qc5 27. Rf3 Qc3
28. Rdf1 Qa1+ 29. Kd2 Nb1+ 30. Ke3 Rf5 31. Bxf5 exf5 32. Rxf5 Qc3+ 33. Kf2 Qd2+
34. Kg1 Qxh6 35. Rf7 Nd2 36. Rxb7 Qe3+ 37. Rf2 Rf8 38. Nf3 Nxf3+ 39. gxf3 Qxe5
40. Qh4 Qe1+ 41. Kg2 1-0

[Event "Thüringer Einzelmeisterschaft"]
[Site "Finsterbergen (Thüringen)"]
[Date "2007.04.06"]
[Round "4"]
[White "Müller, Robert"]
[Black "Goemann, Jens"]
[Result "1/2-1/2"]
[WhiteElo "1708"]
[BlackElo "2171"]
[PlyCount "41"]
[EventDate "2007.??.??"]

1. d4 Nf6 2. c4 g6 3. Nc3 Bg7 4. e4 d6 5. f3 a6 6. Be3 c6 7. Bd3 O-O 8. Nge2 b5
9. a3 Nbd7 10. O-O Bb7 11. Qd2 e5 12. d5 bxc4 13. Bxc4 Nb6 14. Ba2 cxd5 15.
Nxd5 Nbxd5 16. exd5 Qd7 17. Bc4 Rfc8 18. b3 Ne8 19. Rac1 f5 20. Nc3 Bf6 21. Rc2
1/2-1/2

[Event "Thüringer Einzelmeisterschaft"]
[Site "Finsterbergen (Thüringen)"]
[Date "2007.04.06"]
[Round "4"]
[White "Koksch, Robert"]
[Black "von Otte, Wilhelm"]
[Result "1/2-1/2"]
[WhiteElo "2108"]
[BlackElo "2024"]
[PlyCount "35"]
[EventDate "2007.??.??"]

1. d4 d5 2. c4 e5 3. cxd5 Qxd5 4. dxe5 Qxd1+ 5. Kxd1 Nc6 6. Nf3 Bg4 7. Be3 Nge7
8. h3 Bh5 9. Nbd2 Nd5 10. Bg5 h6 11. e4 hxg5 12. exd5 Nxe5 13. Bb5+ c6 14. dxc6
O-O-O 15. cxb7+ Kxb7 16. Ke2 Nxf3 17. Nxf3 Rh6 18. Rhd1 1/2-1/2

[Event "Thüringer Einzelmeisterschaft"]
[Site "Finsterbergen (Thüringen)"]
[Date "2007.04.06"]
[Round "4"]
[White "Gulich, Christian"]
[Black "Rößner, Uwe"]
[Result "0-1"]
[WhiteElo "2083"]
[BlackElo "1830"]
[PlyCount "24"]
[EventDate "2007.??.??"]

1. e4 d6 2. d4 Nf6 3. Nc3 e5 4. dxe5 dxe5 5. Qxd8+ Kxd8 6. Bg5 Be6 7. O-O-O+
Kc8 8. a3 Nbd7 9. g3 Ng4 10. Nh3 Bc5 11. f3 Ne3 12. Re1 Nxf1 0-1

[Event "Thüringer Einzelmeisterschaft"]
[Site "Finsterbergen (Thüringen)"]
[Date "2007.04.06"]
[Round "4"]
[White "Manger, Erika"]
[Black "Kirste, Olaf"]
[Result "0-1"]
[WhiteElo "1386"]
[BlackElo "2049"]
[PlyCount "66"]
[EventDate "2007.??.??"]

1. c4 e6 2. Nc3 Nf6 3. g3 d5 4. cxd5 exd5 5. d4 c6 6. Bg2 Nbd7 7. Nf3 Bd6 8.
O-O O-O 9. Re1 Re8 10. Nh4 h6 11. Nf5 Bf8 12. Bf4 Nb6 13. Ne3 Nh5 14. Nf1 Nxf4
15. gxf4 Qh4 16. e3 Bh3 17. Qf3 Bg4 18. Qg3 Be7 19. Qxh4 Bxh4 20. Ng3 Re7 21.
e4 dxe4 22. Ncxe4 Rae8 23. Re3 Nd5 24. Nd6 Nxe3 25. fxe3 Rxe3 26. Nxe8 Rxe8 27.
Ne4 Rd8 28. Nf2 Be6 29. b3 Rxd4 30. Ne4 Bd5 31. Nc5 Bxg2 32. Kxg2 b6 33. Nb7
Rd7 0-1

[Event "Thüringer Einzelmeisterschaft"]
[Site "Finsterbergen (Thüringen)"]
[Date "2007.04.06"]
[Round "4"]
[White "Bethge, Johanna"]
[Black "Bohatschek, Daniel"]
[Result "0-1"]
[WhiteElo "1526"]
[BlackElo "1818"]
[PlyCount "66"]
[EventDate "2007.??.??"]

1. e4 c5 2. Nf3 a6 3. d4 cxd4 4. Nxd4 e5 5. Nf3 Nc6 6. Nc3 Bb4 7. Bd2 Nf6 8.
Bd3 O-O 9. a3 Ba5 10. b4 Bb6 11. O-O d6 12. Bg5 h6 13. Bh4 Bg4 14. Be2 Bxf3 15.
Bxf3 Nd4 16. Nd5 g5 17. Nxb6 Qxb6 18. Bg3 Qc6 19. Rc1 Qc3 20. h4 Rfc8 21. Bg4
Rc6 22. hxg5 hxg5 23. Bf5 Qxa3 24. Kh2 Kg7 25. f3 Qe3 26. Bf2 Rh8+ 27. Bh3 Qc3
28. Be1 Qc4 29. Rf2 g4 30. fxg4 Nxe4 31. Rf5 Nxf5 32. gxf5 Ng5 33. Bd2 Qh4 0-1

[Event "Thüringer Einzelmeisterschaft"]
[Site "Finsterbergen (Thüringen)"]
[Date "2007.04.06"]
[Round "4"]
[White "Seiler, Mario"]
[Black "Reichenbach, Marian"]
[Result "1/2-1/2"]
[WhiteElo "1682"]
[BlackElo "1601"]
[PlyCount "72"]
[EventDate "2007.??.??"]

1. d4 d5 2. e3 e6 3. Bd3 Bd6 4. Nd2 f5 5. Ngf3 Nd7 6. O-O Ngf6 7. c4 c6 8. b3
Ne4 9. Bb2 Qf6 10. h3 O-O 11. Qe2 Kh8 12. Nh2 Qh6 13. Ndf3 g5 14. Ne5 Qg7 15.
Bxe4 dxe4 16. Nxd7 Bxd7 17. d5 Be5 18. Bxe5 Qxe5 19. dxc6 Bxc6 20. Rad1 b5 21.
Qc2 bxc4 22. bxc4 Rfc8 23. Rd4 Rc7 24. Qc3 Qg7 25. Rfd1 Rcc8 26. Qa5 Qc7 27.
Qc3 Kg8 28. Rd6 Kf7 29. c5 Bd5 30. Rc1 Bxa2 31. f3 Bd5 32. fxe4 Bxe4 33. g4
Rab8 34. gxf5 Bxf5 35. Ng4 Bxg4 36. hxg4 Rd8 1/2-1/2

[Event "Thüringer Einzelmeisterschaft"]
[Site "Finsterbergen (Thüringen)"]
[Date "2007.04.06"]
[Round "4"]
[White "Grube, Jan"]
[Black "Hanisch, Rene"]
[Result "0-1"]
[WhiteElo "1784"]
[BlackElo "1800"]
[PlyCount "50"]
[EventDate "2007.??.??"]

1. c4 e6 2. d4 d5 3. Nc3 Nf6 4. Bg5 Be7 5. e3 O-O 6. Nf3 Nbd7 7. Bd3 Re8 8. O-O
Nf8 9. Qc2 dxc4 10. Bxc4 Nd5 11. Ne4 c6 12. Rfd1 Ng6 13. a3 f6 14. Nh4 fxg5 15.
Nxg6 hxg6 16. Ng3 Rf8 17. Qxg6 Qe8 18. Qe4 Bd6 19. f4 gxf4 20. Rf1 Nf6 21. Qf5
fxg3 22. Rf3 Qh5 23. Bxe6+ Bxe6 24. Qxe6+ Kh8 25. hxg3 Ng4 0-1

[Event "Thüringer Einzelmeisterschaft"]
[Site "Finsterbergen (Thüringen)"]
[Date "2007.04.06"]
[Round "5"]
[White "Wehner, Janis"]
[Black "Wendling, Hannes"]
[Result "1/2-1/2"]
[WhiteElo "2225"]
[BlackElo "2123"]
[PlyCount "31"]
[EventDate "2007.??.??"]

1. e4 c5 2. Nc3 d6 3. g3 Nc6 4. Bg2 g6 5. Nge2 Bg7 6. O-O e6 7. d3 Nge7 8. Be3
Nd4 9. f4 O-O 10. Kh1 Rb8 11. Bg1 b5 12. Nxd4 cxd4 13. Ne2 e5 14. c3 dxc3 15.
bxc3 a5 16. Qd2 1/2-1/2

[Event "Thüringer Einzelmeisterschaft"]
[Site "Finsterbergen (Thüringen)"]
[Date "2007.04.06"]
[Round "5"]
[White "Michalowski, Peter"]
[Black "Fuchs, Antje"]
[Result "0-1"]
[WhiteElo "2098"]
[BlackElo "2087"]
[PlyCount "64"]
[EventDate "2007.??.??"]

1. e4 c5 2. Nf3 d6 3. d4 cxd4 4. Nxd4 Nf6 5. Nc3 a6 6. Be3 e6 7. Be2 Be7 8. f4
Qc7 9. g4 h6 10. g5 hxg5 11. fxg5 Nfd7 12. g6 Ne5 13. gxf7+ Kxf7 14. Nf3 Nxf3+
15. Bxf3 Nc6 16. Bh5+ Kg8 17. Bf4 Qa5 18. Be2 Ne5 19. Qd4 Bh4+ 20. Kf1 Bd7 21.
Kg2 Nf7 22. Bd2 Bf6 23. Qd3 Qc7 24. Raf1 b5 25. a3 Bc6 26. Qg3 Qe7 27. Bf3 Bh4
28. Qg4 Ne5 29. Qf4 Rf8 30. Qe3 Rh6 31. Rhg1 Rhf6 32. Be2 Bf2 0-1

[Event "Thüringer Einzelmeisterschaft"]
[Site "Finsterbergen (Thüringen)"]
[Date "2007.04.06"]
[Round "5"]
[White "Rößner, Uwe"]
[Black "Kirschbaum, Gunnar"]
[Result "0-1"]
[WhiteElo "1830"]
[BlackElo "2180"]
[PlyCount "164"]
[EventDate "2007.??.??"]

1. c4 g6 2. Nc3 Bg7 3. g3 Nf6 4. Bg2 O-O 5. Nf3 d6 6. O-O Nbd7 7. d3 Rb8 8. Nb5
a6 9. Na7 c5 10. Nxc8 Qxc8 11. Rb1 b5 12. Qc2 bxc4 13. dxc4 Ng4 14. b3 Nde5 15.
h3 Nxf3+ 16. Bxf3 Ne5 17. Bg2 Qf5 18. Qxf5 gxf5 19. Rd1 Nxc4 20. Bg5 Na3 21.
Bxe7 Rfe8 22. Bxd6 Nxb1 23. Rxb1 Rbd8 24. Bxc5 Rxe2 25. a3 Rb2 26. Rxb2 Bxb2
27. Bf1 a5 28. Kg2 Rd1 29. Bb6 Bc3 30. Bc5 Ra1 31. b4 Rxa3 32. bxa5 Rxa5 33.
Be3 Kg7 34. Be2 Kf6 35. Bf3 Be5 36. Bh5 f4 37. gxf4 Bxf4 38. Bd4+ Be5 39. Bb6
Rb5 40. Bd8+ Ke6 41. Be2 Rb4 42. Ba5 Rb2 43. Kf3 f5 44. Bc4+ Kf6 45. Bd8+ Kg6
46. Be7 Rb1 47. Kg2 Bf6 48. Bd6 Bd4 49. Be2 Kf6 50. Bc7 Rb2 51. Kf3 Rb7 52. Bf4
Rg7 53. Ba6 Be5 54. Bg3 Bxg3 55. fxg3 Ke5 56. Bd3 h6 57. Bc2 Rd7 58. h4 Rd4 59.
Bb1 Rd2 60. g4 f4 61. g5 hxg5 62. hxg5 Rb2 63. Bg6 Rb3+ 64. Kf2 Rg3 65. Bh5
Rxg5 66. Bf3 Rg6 67. Bg2 Ra6 68. Kf3 Kf5 69. Kf2 Kg5 70. Bd5 Ra3 71. Bc6 Rd3
72. Bb7 Rd6 73. Kf3 Kf5 74. Be4+ Ke5 75. Bb7 Rd7 76. Ba8 Rc7 77. Kf2 Kf5 78.
Bg2 Rc3 79. Bf3 Rc2+ 80. Kf1 Rb2 81. Bh5 Ke4 82. Be8 Ke3 0-1

[Event "Thüringer Einzelmeisterschaft"]
[Site "Finsterbergen (Thüringen)"]
[Date "2007.04.06"]
[Round "5"]
[White "Taudte, Stefan"]
[Black "Skibbe, Willi"]
[Result "1-0"]
[WhiteElo "2086"]
[BlackElo "2168"]
[PlyCount "97"]
[EventDate "2007.??.??"]

1. d4 Nf6 2. c4 e6 3. Nf3 b6 4. Nc3 Bb4 5. Bg5 h6 6. Bxf6 Qxf6 7. e4 Bxc3+ 8.
bxc3 Nc6 9. Bd3 Ba6 10. O-O Na5 11. c5 Bb7 12. Rb1 O-O 13. Ne5 Qd8 14. f4 d6
15. cxd6 Qxd6 16. Qh5 c5 17. Ng4 Rad8 18. Nxh6+ gxh6 19. Rf3 e5 20. f5 Kh7 21.
f6 Bc8 22. Rbf1 Qc7 23. Rf5 cxd4 24. Rxe5 dxc3 25. Rd5 Rh8 26. Rg5 Rhg8 27.
Rxg8 Rxg8 28. e5+ Rg6 29. Bxg6+ fxg6 30. Qf3 Bf5 31. e6 c2 32. e7 c1=Q 33. e8=Q
Q1c5+ 34. Kh1 Q5d6 35. Qg3 Qc4 36. Rxf5 Qd1+ 37. Qge1 Qxe1+ 38. Qxe1 gxf5 39.
Qe7+ Kg6 40. Qg7+ Kh5 41. h3 Qc3 42. Qf7+ Kh4 43. Qg6 Nc6 44. Qxh6+ Kg3 45.
Qg5+ Kf2 46. Qxf5+ Ke2 47. Qe4+ Kd1 48. f7 Qc5 49. Qf3+ 1-0

[Event "Thüringer Einzelmeisterschaft"]
[Site "Finsterbergen (Thüringen)"]
[Date "2007.04.06"]
[Round "5"]
[White "Horatschek, Stefan"]
[Black "Fischer, Dennis"]
[Result "0-1"]
[WhiteElo "2057"]
[BlackElo "1830"]
[PlyCount "96"]
[EventDate "2007.??.??"]

1. d4 d6 2. c4 Nf6 3. Nc3 g6 4. e4 Bg7 5. Nge2 O-O 6. Ng3 Nbd7 7. Be2 e5 8. d5
a5 9. h4 h5 10. Bg5 Qe8 11. Nb5 Qd8 12. Qd2 Nc5 13. O-O Qd7 14. Bf3 Nh7 15. Bh6
Qe7 16. Ne2 f5 17. Bxg7 Kxg7 18. g3 fxe4 19. Bg2 Bg4 20. Nec3 Bf3 21. Rae1 Nf6
22. Qg5 Qf7 23. Bh3 Ng4 24. Bxg4 Bxg4 25. Kh2 Bf3 26. Re3 Rad8 27. Na3 Qd7 28.
Ree1 Rf5 29. Qd2 Qe7 30. Nc2 Rf4 31. Kh3 Nd3 32. Rxe4 Rxe4 33. Qxd3 Rxh4+ 34.
gxh4 Qd7+ 35. Kh2 Qg4 36. Qxf3 Qxf3 37. Ne3 Rf8 38. Ncd1 Rf4 39. Ng2 Rxc4 40.
Nde3 Rb4 41. b3 Qe2 42. Rc1 c6 43. dxc6 bxc6 44. Rxc6 Qxf2 45. Nc4 d5 46. Rc7+
Kh6 47. a3 Rxb3 48. Nd6 Qg3+ 0-1

[Event "Thüringer Einzelmeisterschaft"]
[Site "Finsterbergen (Thüringen)"]
[Date "2007.04.06"]
[Round "5"]
[White "Goemann, Jens"]
[Black "von Otte, Wilhelm"]
[Result "1/2-1/2"]
[WhiteElo "2171"]
[BlackElo "2024"]
[PlyCount "29"]
[EventDate "2007.??.??"]

1. c4 c6 2. Nf3 d5 3. g3 Bg4 4. Bg2 Nd7 5. O-O e5 6. cxd5 cxd5 7. Qa4 Bxf3 8.
Bxf3 Ngf6 9. d3 Be7 10. Nc3 O-O 11. Qd1 Nc5 12. b4 Ne6 13. Rb1 Qd7 14. Bg2 Rac8
15. Bd2 1/2-1/2

[Event "Thüringer Einzelmeisterschaft"]
[Site "Finsterbergen (Thüringen)"]
[Date "2007.04.06"]
[Round "5"]
[White "Bohatschek, Daniel"]
[Black "Koksch, Robert"]
[Result "1/2-1/2"]
[WhiteElo "1818"]
[BlackElo "2108"]
[PlyCount "47"]
[EventDate "2007.??.??"]

1. e4 c6 2. d4 d5 3. exd5 cxd5 4. Bd3 Nc6 5. c3 e5 6. dxe5 Nxe5 7. Qe2 Qe7 8.
Bb5+ Nc6 9. Bg5 Qxe2+ 10. Nxe2 a6 11. Ba4 h6 12. Bh4 Bd6 13. O-O g5 14. Bg3
Bxg3 15. fxg3 Nge7 16. Nd2 O-O 17. Rf6 Kg7 18. Raf1 Bg4 19. Nc1 Rad8 20. a3 Be6
21. Bb3 d4 22. cxd4 Nxd4 23. Bxe6 Nxe6 24. Ndb3 1/2-1/2

[Event "Thüringer Einzelmeisterschaft"]
[Site "Finsterbergen (Thüringen)"]
[Date "2007.04.06"]
[Round "5"]
[White "Kirste, Olaf"]
[Black "Müller, Robert"]
[Result "1-0"]
[WhiteElo "2049"]
[BlackElo "1708"]
[PlyCount "69"]
[EventDate "2007.??.??"]

1. c4 e5 2. Nc3 Nf6 3. Nf3 Nc6 4. e3 Bb4 5. Qc2 d6 6. Nd5 Bc5 7. a3 a5 8. Rb1
Nxd5 9. cxd5 Ne7 10. Nxe5 O-O 11. Nf3 Nxd5 12. d4 Bb6 13. Bd3 h6 14. h3 Kh8 15.
e4 Nf6 16. O-O c6 17. Be3 Be6 18. Nd2 c5 19. d5 Bd7 20. Nc4 Bb5 21. b3 Nd7 22.
Kh1 Bxc4 23. bxc4 Rb8 24. f4 Bc7 25. Qf2 Qe7 26. Bd2 b6 27. Bc3 Rbe8 28. Rbe1
f6 29. Bc2 Qf7 30. Qf3 Re7 31. Qd3 g6 32. e5 dxe5 33. d6 e4 34. Qd1 Bxd6 35.
Qxd6 1-0

[Event "Thüringer Einzelmeisterschaft"]
[Site "Finsterbergen (Thüringen)"]
[Date "2007.04.06"]
[Round "5"]
[White "Wagner, Ronald"]
[Black "Gulich, Christian"]
[Result "1/2-1/2"]
[WhiteElo "1807"]
[BlackElo "2083"]
[PlyCount "25"]
[EventDate "2007.??.??"]

1. Nf3 d5 2. d4 Nf6 3. g3 e6 4. Bg2 c5 5. O-O Nc6 6. b3 Be7 7. Bb2 O-O 8. Nbd2
b6 9. c4 cxd4 10. Nxd4 Bb7 11. Rc1 Rc8 12. cxd5 Nxd5 13. Nc4 1/2-1/2

[Event "Thüringer Einzelmeisterschaft"]
[Site "Finsterbergen (Thüringen)"]
[Date "2007.04.06"]
[Round "5"]
[White "Hanisch, Rene"]
[Black "Seiler, Mario"]
[Result "1/2-1/2"]
[WhiteElo "1800"]
[BlackElo "1682"]
[PlyCount "45"]
[EventDate "2007.??.??"]

1. e4 c5 2. Nc3 Nc6 3. Bc4 d6 4. f4 g6 5. a4 Nf6 6. h3 e6 7. d3 d5 8. Bb3 dxe4
9. dxe4 Qxd1+ 10. Kxd1 Nd4 11. Bc4 Be7 12. Nge2 O-O 13. e5 Nxe2 14. Kxe2 Nd7
15. Be3 Nb6 16. Bd3 Nd5 17. Bd2 Bd7 18. Ne4 Nb4 19. Bxb4 cxb4 20. Rhd1 Bc6 21.
Ke3 Rad8 22. b3 a5 23. Bc4 1/2-1/2

[Event "Thüringer Einzelmeisterschaft"]
[Site "Finsterbergen (Thüringen)"]
[Date "2007.04.06"]
[Round "5"]
[White "Reichenbach, Marian"]
[Black "Bethge, Johanna"]
[Result "1-0"]
[WhiteElo "1601"]
[BlackElo "1526"]
[PlyCount "67"]
[EventDate "2007.??.??"]

1. d4 d5 2. Nf3 Bf5 3. c4 e6 4. Qb3 dxc4 5. Qxb7 Nd7 6. Nc3 Ngf6 7. Bf4 Rb8 8.
Qc6 Rxb2 9. a3 Be7 10. Nd2 O-O 11. e4 Bg6 12. Nxc4 Nb8 13. Qxc7 Qxc7 14. Bxc7
Rb3 15. Kd2 Nxe4+ 16. Nxe4 Bxe4 17. f3 Bd5 18. Bd3 Bxc4 19. Bxc4 Rxa3 20. Rxa3
Bxa3 21. Ra1 Bb4+ 22. Kd3 Nc6 23. Ra6 Ne7 24. Rxa7 Nf5 25. Rb7 Be7 26. Be5 Bg5
27. f4 Bh4 28. g4 Nh6 29. Bxe6 Nxg4 30. Bxg4 Re8 31. d5 f6 32. Be6+ Kh8 33. Bc3
Bf2 34. Bd4 1-0

[Event "Thüringer Einzelmeisterschaft"]
[Site "Finsterbergen (Thüringen)"]
[Date "2007.04.06"]
[Round "5"]
[White "Grube, Jan"]
[Black "Manger, Erika"]
[Result "1/2-1/2"]
[WhiteElo "1784"]
[BlackElo "1386"]
[PlyCount "66"]
[EventDate "2007.??.??"]

1. c4 c5 2. Nc3 g6 3. g3 Bg7 4. Bg2 Nc6 5. f4 e6 6. d3 Nge7 7. e4 d6 8. Nge2
O-O 9. O-O b6 10. Rb1 Bb7 11. a3 a5 12. Bd2 Rb8 13. Nb5 d5 14. e5 d4 15. g4 f6
16. exf6 Bxf6 17. Ng3 Bg7 18. Qe2 Qd7 19. Rbe1 Nd8 20. Ne4 Bxe4 21. Qxe4 Nec6
22. h4 e5 23. fxe5 Rxf1+ 24. Rxf1 Nxe5 25. g5 Ndf7 26. Rf4 Rf8 27. Kh2 Nd8 28.
Qd5+ Qxd5 29. Bxd5+ Nef7 30. Rf3 Re8 31. Rf2 Be5+ 32. Kg2 Kg7 33. Re2 Rf8
1/2-1/2

[Event "Thüringer Einzelmeisterschaft"]
[Site "Finsterbergen (Thüringen)"]
[Date "2007.04.07"]
[Round "6"]
[White "Fuchs, Antje"]
[Black "Wendling, Hannes"]
[Result "1/2-1/2"]
[WhiteElo "2087"]
[BlackElo "2123"]
[PlyCount "54"]
[EventDate "2007.??.??"]

1. Nf3 Nf6 2. d4 d5 3. Bf4 c6 4. c3 g6 5. e3 Bg7 6. Bd3 Bf5 7. Bxf5 gxf5 8. Ne5
Nbd7 9. Nd2 e6 10. Qe2 Qe7 11. a4 O-O 12. a5 Nxe5 13. Bxe5 a6 14. Nb3 Nd7 15.
Bg3 Rac8 16. O-O Nf6 17. Bh4 Qc7 18. Bxf6 Bxf6 19. f4 Be7 20. Qh5 f6 21. Rf3
Bd6 22. Rh3 Kh8 23. Nd2 Rg8 24. Nf3 Rg4 25. b4 Rcg8 26. Nh4 Qd7 27. Ra2 Qg7
1/2-1/2

[Event "Thüringer Einzelmeisterschaft"]
[Site "Finsterbergen (Thüringen)"]
[Date "2007.04.07"]
[Round "6"]
[White "Taudte, Stefan"]
[Black "Wehner, Janis"]
[Result "1/2-1/2"]
[WhiteElo "2086"]
[BlackElo "2225"]
[PlyCount "52"]
[EventDate "2007.??.??"]

1. d4 Nf6 2. c4 e6 3. Nf3 Bb4+ 4. Bd2 c5 5. Bxb4 cxb4 6. Nbd2 O-O 7. e4 d6 8.
e5 dxe5 9. dxe5 Nfd7 10. Bd3 Nc6 11. Qe2 Ncxe5 12. Nxe5 Nxe5 13. Bxh7+ Kxh7 14.
Qxe5 Qd3 15. O-O-O Bd7 16. Rhe1 Bc6 17. Re3 Qf5 18. Qg3 Rad8 19. Re5 Qd3 20.
Qh4+ Kg8 21. Rh5 f6 22. Rh8+ Kf7 23. Qh5+ Ke7 24. Rxf8 Kxf8 25. Qc5+ Kg8 26. f3
Qd6 1/2-1/2

[Event "Thüringer Einzelmeisterschaft"]
[Site "Finsterbergen (Thüringen)"]
[Date "2007.04.07"]
[Round "6"]
[White "Kirschbaum, Gunnar"]
[Black "Fischer, Dennis"]
[Result "1/2-1/2"]
[WhiteElo "2180"]
[BlackElo "1830"]
[PlyCount "69"]
[EventDate "2007.??.??"]

1. d4 b6 2. e4 Bb7 3. Bd3 e6 4. Nf3 Nf6 5. Qe2 Be7 6. Bg5 Nd5 7. Bd2 Nb4 8.
Bxb4 Bxb4+ 9. c3 Be7 10. Nbd2 d5 11. e5 c5 12. a3 Nc6 13. O-O O-O 14. Rfe1 c4
15. Bc2 b5 16. h4 Bxh4 17. Nxh4 Qxh4 18. Nf3 Qe7 19. Nh2 Qh4 20. Qd2 f5 21.
exf6 Rxf6 22. Re3 Raf8 23. Rh3 Qf4 24. Bxh7+ Kf7 25. Qxf4 Rxf4 26. g3 Rf6 27.
f4 Rh6 28. Rxh6 gxh6 29. Nf3 a5 30. Bc2 Kf6 31. Kf2 b4 32. Ba4 Rg8 33. Nd2 Ne7
34. Bc2 Bc6 35. Rb1 1/2-1/2